| 000 | 03314cam a22012374i 4500 | ||
|---|---|---|---|
| 003 | PE-LiUPU | ||
| 005 | 20250813185611.0 | ||
| 008 | 150706s2011 ag rb 000 0 spa d | ||
| 020 | _a9789508086143 | ||
| 035 | _a(Sirsi) i9789508086143 | ||
| 040 |
_aPE-LiUPU _bspa _cPE-LiUPU _erda |
||
| 049 | _aPRUA | ||
| 082 | 0 | 4 |
_a370.1 _bL _221 |
| 245 | 0 | 1 |
_aLectura, escritura y educación / _cdirigido por Andrea Brito. |
| 264 | 1 |
_aSanta FE, Argentina : _bHomo Sapiens , _c2011. |
|
| 300 |
_a200 páginas ; _c21 centímetros. |
||
| 336 |
_atext _2rdacontent |
||
| 337 |
_aunmediated _2rdamedia |
||
| 338 |
_avolume _2rdacarrier |
||
| 490 | 0 | _aPensar la Educación | |
| 504 | _aIncluye referencias bibliográficas. | ||
| 505 | 0 | _aDesplegar la mirada sobre la lectura, la escritura y la educación -- Sentires y decires pedagógicos sobre la enseñanza del leer y el escribir -- Leer y escribir con las nuevas tecnologías -- Leer y escribir en la escuela -- Leer y escribir la enseñanza. | |
| 526 | _aP202 | ||
| 526 | _aP201 | ||
| 526 | _aP163 | ||
| 526 | _aP162 | ||
| 526 | _aP161 | ||
| 526 | _aP160 | ||
| 526 | _aP148 | ||
| 526 | _aP147 | ||
| 526 | _aP146 | ||
| 526 | _aP145 | ||
| 526 | _aP144 | ||
| 526 | _aP143 | ||
| 526 | _aP142 | ||
| 526 | _aP141 | ||
| 526 | _aP140 | ||
| 526 | _aP139 | ||
| 526 | _aP138 | ||
| 526 | _aP137 | ||
| 526 | _aP136 | ||
| 526 | _aP135 | ||
| 526 | _aP134 | ||
| 526 | _aP133 | ||
| 526 | _aP129 | ||
| 526 | _aP128 | ||
| 526 | _aP127 | ||
| 526 | _aP120 | ||
| 526 | _aP119 | ||
| 526 | _aP118 | ||
| 526 | _aP116 | ||
| 526 | _aP115 | ||
| 526 | _aP114 | ||
| 526 | _aP110 | ||
| 526 | _aP109 | ||
| 526 | _aP108 | ||
| 526 | _aP104 | ||
| 526 | _aP103 | ||
| 526 | _aP102 | ||
| 526 | _aP99 | ||
| 526 | _aP98 | ||
| 526 | _aP97 | ||
| 526 | _aP96 | ||
| 526 | _aP95 | ||
| 526 | _aP93 | ||
| 526 | _aP90 | ||
| 526 | _aP89 | ||
| 526 | _aP88 | ||
| 526 | _aP83 | ||
| 526 | _aP82 | ||
| 526 | _aP62 | ||
| 526 | _aP59 | ||
| 526 | _aP58 | ||
| 526 | _aP57 | ||
| 526 | _aP51 | ||
| 526 | _aP49 | ||
| 526 | _aP48 | ||
| 526 | _aP47 | ||
| 526 | _aP29 | ||
| 526 | _aP24 | ||
| 526 | _aP20 | ||
| 526 | _aP19 | ||
| 526 | _aP17 | ||
| 526 | _aP15 | ||
| 526 | _aP14 | ||
| 526 | _aP12 | ||
| 526 | _aP10 | ||
| 526 | _aP09 | ||
| 526 | _aP08 | ||
| 526 | _aP07 | ||
| 526 | _aP06 | ||
| 526 | _aP05 | ||
| 526 | _aP04 | ||
| 526 | _aP01 | ||
| 541 | _g001-002606; | ||
| 541 | _g0020-0000903; | ||
| 650 | 0 | 4 | _aEducación. |
| 700 | 1 |
_aBrito, Andrea, _edir. |
|
| 910 |
_agl _bjv _cng _d20120517 |
||
| 942 |
_2ddc _cBOOK |
||
| 949 |
_a370.1 L _wDEWEY _c1 _i64660 _lCCODEBUL1 _mBUL _p24.00 _r0 _sY _tBOOK _u2015-7-6 _xEDUCACION _PP07 _o.STAFF. Colección General |
||
| 994 |
_aC0 _bPEPRU |
||
| 596 | _a1 | ||
| 999 |
_a370.1 L _wDEWEY _c53365 _i64660 _d53365 _e2015-8-25 _f2021-11-8 _g5 _lCCODEBUL1 _mBUL _n3 _p24.00 _r0 _sY _tBOOK _u2015-7-6 _xEDUCACION _PP07 _0COMPRA _o.STAFF. Colección General |
||
| 999 |
_a370.1 B83 _wDEWEY _c1 _i74056 _f2021-11-8 _g5 _lCCODEBUL1 _mBUL _p18.26 _r0 _sY _tBOOK _u2016-7-18 _xEDUCACION _PP20 _0COMPRA _o.STAFF. Colección General |
||
| 980 |
_81 _gALBERTO SANCHEZ Responsable de Automatización |
||